Statistiques concernant harry potter français

Cliquez ici pour prendre le quiz!

Statistiques générales

  • Ce quiz a été pris 272 fois
  • Le résultat moyen est 12 sur 15

Statistiques - réponses

descriptions noms % Correct
l'elfe des malefoydobby
100%
hippogriffe d'hagridbuck
94%
araignée d'hagridaragog
91%
la creature de la chambre des secretsbasilic
91%
remus lupin en est unloup-garou
91%
le sang de cet animal est un elixir de longue vielicorne
88%
le bébé dragon d'hagrid dans harry potter a l'ecole des sorciersnorbert
86%
le chien a trois tete d'hagridtouffu
85%
ces larmes ont un pouvoir de guérisonphénix
84%
firenze en est uncentaure
83%
l'elfe des blackkreattur
79%
les gardiens de la banquegobelins
73%
seules ceux qui ont vu mourir quelqu'un peuvent les voirsombral
73%
petites creatures bleues qui aiment faire des farceslutins de cornouailles
36%
chevaux ailés dans harry potter et la coupe de feuabraxan
14%

Distribution des résultats

Percentile by Number Answered

% des personnes avec chaque résultat

Votre développement - résultats

Vous n’avez pas pris ce quiz